Cyclisme : Julian Alaphilippe Victoires WT - Statistiques

Statistiques générales
  • Ce quiz a été pris 482 fois
    136 depuis la dernière actualisation
  • Le résultat moyen est 19 sur 26
Statistiques - réponses
Années Équipe Indice Réponse % Correct
2018 Quick-Step Floors Étape Tour de France
98%
2018 Quick-Step Floors Étape Tour de France
98%
2019 Deceuninck - Quick Step Étape Tour de France
98%
2019 Deceuninck - Quick Step Contre-la-montre Tour de France
98%
2020 Deceuninck - Quick Step Étape Tour de France
98%
2021 Deceuninck - Quick Step Étape Tour de France
98%
2024 Soudal Quick-Step Étape Tour d'Italie
94%
2017 Quick-Step Floors Contre-la-montre Paris-Nice
89%
2017 Quick-Step Floors Étape Tour d'Espagne
88%
2018 Quick-Step Floors Classique La Flèche Wallonne
85%
2019 Deceuninck - Quick Step Classique La Flèche Wallonne
85%
2021 Deceuninck - Quick Step Classique La Flèche Wallonne
85%
2025 Tudor Pro Cycling Team Classique Grand Prix Cycliste de Québec
83%
2019 Deceuninck - Quick Step Classique Milan San Remo
80%
2018 Quick-Step Floors Étape Critérium du Dauphiné
62%
2019 Deceuninck - Quick Step Étape Critérium du Dauphiné
62%
2023 Soudal Quick-Step Étape Critérium du Dauphiné
62%
2019 Deceuninck - Quick Step Classique Strade Bianche
61%
2018 Quick-Step Floors Étape Tour du Pays Basque
55%
2018 Quick-Step Floors Étape Tour du Pays Basque
55%
2019 Deceuninck - Quick Step Étape Tour du Pays Basque
55%
2022 Quick-Step Alpha Vinyl Team Étape Tour du Pays Basque
55%
2019 Deceuninck - Quick Step Étape Tirreno-Adriatico
49%
2019 Deceuninck - Quick Step Étape Tirreno-Adriatico
49%
2021 Deceuninck - Quick Step Étape Tirreno-Adriatico
49%
2018 Quick-Step Floors Classique Clasica Ciclista San Sebastian
37%
Aucun quiz correspondant
Distribution des résultats
% des personnes avec chaque résultat
Percentile par nombre de réponses
Votre historique - résultats
Vous n’avez pas pris ce quiz depuis la dernière actualisation